01397 a2200265 4500020001500000035001200015040001300027100002400040245008300064250002200147260003900169300002900208490006700237650003900304740002100343740004400364942002400408999001500432952011300447952013400560952012900694952010100823952011100924952009601035 a0070991308 a4575232 aDLCbDLC10aLipschutz, Seymour.10aSchaum's outline of theory and problems of data structurescSeymour Lipschutz. aInternational ed.0 aSingaporeb: McGraw-Hillc, c1986. a344 p.b: ill.c; 27 cm.0 aSchaum's outline series. Schaum's outline series in computers. 0aData structures (Computer science)01aData structures.01aTheory and problems of data structures. cBKk005.73 LIP2ddc c9718d9718 001040708NFICaCLbCLcOSd2000-12-08l1o005.73 LIPpSEECS000536r2016-11-16s2016-09-23w2017-01-05yBK 001040708NFICaCLbCLcOSd2002-02-19eNational Book Foundationg88.00l0o005.73 LIPpSEECS001853r2012-11-14w2017-01-05yBK 001040708NFICaCLbCLcOSd2006-09-02eDonationg0.00l4o005.73 LIPpSEECS007521r2020-10-21s2020-03-14w2017-01-05yBK 001040708NFICaCLbCLcOSd2000-12-08l0o005.73 LIPpSEECS000698r2012-11-14w2017-01-05yBK 001040708NFICaCLbCLcOSd2010-10-21eDonationl0o005.73 LIPpSEECSD00352r2012-11-14w2017-01-05yBK 00102ddc4070aCLbCLd2019-09-29l0o005.73 LIPpSEECS000750r2019-09-29w2019-09-29yBK